Personality psychology : (Record no. 2875)

000 -LEADER
fixed length control field 00501nam a22001937a 4500
003 - CONTROL NUMBER IDENTIFIER
control field OSt
005 - DATE AND TIME OF LATEST TRANSACTION
control field 20210723061011.0
008 - FIXED-LENGTH DATA ELEMENTS--GENERAL INFORMATION
fixed length control field 210723b ||||| |||| 00| 0 eng d
020 ## - INTERNATIONAL STANDARD BOOK NUMBER
International Standard Book Number 9781259015427
020 ## - INTERNATIONAL STANDARD BOOK NUMBER
International Standard Book Number 1259015424
040 ## - CATALOGING SOURCE
Transcribing agency ALUPE UNIVERSITY
050 ## - LIBRARY OF CONGRESS CALL NUMBER
Classification number BF698
Item number .P47 2011
245 ## - TITLE STATEMENT
Title Personality psychology :
Remainder of title domains of knowledge about human nature
260 ## - PUBLICATION, DISTRIBUTION, ETC.
Place of publication, distribution, etc. USA
Name of publisher, distributor, etc. McGraw-Hill
Date of publication, distribution, etc. 2011
300 ## - PHYSICAL DESCRIPTION
Extent 696p
500 ## - GENERAL NOTE
General note index incl.
650 ## - SUBJECT ADDED ENTRY--TOPICAL TERM
Topical term or geographic name entry element psychology
942 ## - ADDED ENTRY ELEMENTS (KOHA)
Source of classification or shelving scheme
Koha item type Book
Suppress in OPAC DO
Holdings
Withdrawn status Lost status Source of classification or shelving scheme Damaged status Not for loan Permanent Location Current Location Shelving location Date acquired Source of acquisition Total Checkouts Full call number Barcode Date last seen Price effective from Koha item type Public note
          AU LIBRARY AU LIBRARY Open Shelf 23.07.2021 donation from moi university   BF698 .P47 2011 28001038 23.07.2021 23.07.2021 Book DO

Powered by Koha